Sena-vaṃśāvalī. (Record no. 75212)
[ view plain ]
| 000 -LEADER | |
|---|---|
| fixed length control field | 00821cam a22002531 4500 |
| 001 - CONTROL NUMBER | |
| control field | sa 67005447 |
| 003 - CONTROL NUMBER IDENTIFIER | |
| control field | DLC |
| 005 - DATE AND TIME OF LATEST TRANSACTION | |
| control field | 20260227112357.0 |
| 008 - FIXED-LENGTH DATA ELEMENTS--GENERAL INFORMATION | |
| fixed length control field | 890804s1963 np j 000 0 sano |
| 010 ## - LIBRARY OF CONGRESS CONTROL NUMBER | |
| LC control number | sa 67005447 |
| 035 ## - SYSTEM CONTROL NUMBER | |
| System control number | (OCoLC)20127909 |
| 040 ## - CATALOGING SOURCE | |
| Original cataloging agency | DLC |
| Transcribing agency | WaU |
| Modifying agency | DLC |
| 042 ## - AUTHENTICATION CODE | |
| Authentication code | premarc |
| 050 00 - LIBRARY OF CONGRESS CALL NUMBER | |
| Classification number | CS1209 |
| Item number | .S4 1963 |
| 100 1# - MAIN ENTRY--PERSONAL NAME | |
| Personal name | Rājavaṃśī, Śaṅkaramāna, |
| Dates associated with a name | 1925- |
| 245 10 - TITLE STATEMENT | |
| Title | Sena-vaṃśāvalī. |
| 260 ## - PUBLICATION, DISTRIBUTION, ETC. | |
| Date of publication, distribution, etc. | [1963/64] |
| 300 ## - PHYSICAL DESCRIPTION | |
| Extent | 3, 40, 2 p. |
| Other physical details | geneal. tables. |
| Dimensions | 25 cm. |
| 500 ## - GENERAL NOTE | |
| General note | Includes Bhavadattas̕ Ratnasenakula vaṃśamuktāvalī and Gaṅgāviṣṇus̕ Senavamśāvalī. |
| 500 ## - GENERAL NOTE | |
| General note | In Sanskrit; introductory matter in Nepali. |
| 600 30 - SUBJECT ADDED ENTRY--PERSONAL NAME | |
| Personal name | Sen family. |
| 700 0# - ADDED ENTRY--PERSONAL NAME | |
| Personal name | Bhavadatta. |
| Title of a work | Ratnasenakula vaṃśamuktāvalī. |
| 700 0# - ADDED ENTRY--PERSONAL NAME | |
| Personal name | Ganǵāviṣṇu. |
| Title of a work | Senavaṃśāvalī. |
No items available.